000 00765nam a2200205 4500
001 138105
003 ES-MaACL
005 20250630032908.0
007 t|
008 070214s1960 sp r ||||1| spa d
100 1 _aSánchez-Pedreño, Antonio J.
_9102837
245 1 3 _aEl análisis monetario en España /
_ctrabajo realizado por D. Antonio J. Sánchez-Pedreño ; bajo la dirección de D. Juan Sardá.
260 _aMadrid :
_b[s. n.],
_c1960 (
_fGráf. Reunidas)
300 _a61 p. ;
_c25 cm +
_e4 lám. pleg.
500 _aPrecede al tít.: Banco de España. Servicio de Estudios.
700 1 _aSardá Dexeus, Juan (
_d1910-1995)
_9103788
710 2 0 _aBanco de España
_92104
852 _aES-MaACL
_jC-21847
_bR.50860
999 _c138105
_d138105